[Event "Euro Online U2300 Day 2"]
[Site "chess.com INT"]
[Date "2020.05.26"]
[Round "2"]
[White "Maximov, Oleg"]
[Black "Kocheev, Aleksandr"]
[Result "1-0"]
[WhiteElo "2219"]
[BlackElo "2315"]
[WhiteFideId "4176960"]
[BlackFideId "13507842"]
[EventDate "2020.05.26"]

1. e4 e5 2. Nc3 Nf6 3. g3 d5 4. exd5 Nxd5 5. Bg2 Nxc3 6. bxc3 Nc6 7. Nf3 Bc5 8.
O-O O-O 9. d3 Bb6 10. Nd2 Be6 11. Ne4 h6 12. Ba3 Re8 13. Nc5 Bc8 14. Qh5 Qd6 15.
Nxb7 Qxa3 16. Bxc6 Bxb7 17. Bxb7 Rad8 18. c4 Qb2 19. Bd5 Re7 20. Qe2 Rd6 21. Kg2
Rf6 22. Bf3 g6 23. Qd2 Kg7 24. a4 a5 25. Rab1 Qa3 26. Ra1 Qc5 27. c3 Rd6 28. Qe2
f5 29. d4 Rxd4 30. cxd4 Qxd4 31. Rad1 Qc3 32. Bd5 e4 33. Rc1 Qa3 34. Qc2 Bd4 35.
Rfd1 c5 36. Rb1 h5 37. Qb3 Qxb3 38. Rxb3 Kh6 39. h4 g5 40. hxg5+ Kxg5 41. f4+
exf3+ 42. Kxf3 Re5 43. Rbd3 Re7 44. Rxd4 cxd4 45. Rxd4 Kf6 46. c5 Ke5 47. Rd1
Rc7 48. c6 Kd6 49. Kf4 Rg7 50. Bf3+ Kc7 51. Rb1 Kc8 52. Rb7 Rg8 53. Rh7 h4 54.
gxh4 Rd8 55. h5 Rd4+ 56. Kxf5 Rd3 57. Be4 Rd1 58. Ke5 Rd8 59. Bf5+ Kb8 60. c7+
Ka7 1-0

[Event "Euro Online U2300 Day 2"]
[Site "chess.com INT"]
[Date "2020.05.26"]
[Round "2"]
[White "Spyropoulos, Nikolaos"]
[Black "Bayramov, Zaur"]
[Result "1-0"]
[WhiteTitle "FM"]
[BlackTitle "FM"]
[WhiteElo "2403"]
[BlackElo "2357"]
[WhiteFideId "4298977"]
[BlackFideId "13405080"]
[EventDate "2020.05.26"]

1. e4 g6 2. d4 Bg7 3. Nc3 d6 4. Be3 c6 5. Qd2 Nf6 6. f3 b5 7. g4 Nbd7 8. h4 h5
9. g5 Ng8 10. O-O-O Qa5 11. Kb1 Nb6 12. Bd3 a6 13. f4 Bg4 14. Rf1 b4 15. Nd1 c5
16. f5 c4 17. fxg6 fxg6 18. Be2 c3 19. Qd3 Be6 20. b3 Bd7 21. e5 O-O-O 22. Qxg6
Nd5 23. Qxg7 Nxe3 24. Nxe3 Bb5 25. Qxh8 Nf6 26. Qxd8+ Kxd8 27. exf6 exf6 28.
Bxb5 axb5 29. gxf6 1-0

[Event "Euro Online U2300 Day 2"]
[Site "chess.com INT"]
[Date "2020.05.26"]
[Round "2"]
[White "Kusa, Jakub"]
[Black "Upero, Jussi"]
[Result "1-0"]
[WhiteElo "2177"]
[BlackElo "2176"]
[WhiteFideId "395595"]
[BlackFideId "504491"]
[EventDate "2020.05.26"]

1. e4 e5 2. Nf3 Nc6 3. Bb5 a6 4. Ba4 Nf6 5. O-O b5 6. Bb3 Be7 7. Re1 d6 8. c3
O-O 9. h3 Nb8 10. d4 Nbd7 11. Bg5 h6 12. Bh4 Nh5 13. Bxe7 Qxe7 14. Nxe5 Nf4 15.
Nd3 Ng6 16. Nd2 c5 17. Bd5 Rb8 18. Nf3 Nf6 19. dxc5 dxc5 20. b3 Nxd5 21. exd5
Qf6 22. Nxc5 Bf5 23. Qd4 Qd6 24. Ne4 Qd8 25. Ne5 Rb6 26. Nc6 Qh4 27. Qxb6 Bxe4
28. Qd4 f5 29. f3 Nf4 30. Qf2 Qg5 31. Kh2 Bd3 32. Ne7+ Kh7 33. Qg3 1-0

[Event "Euro Online U2300 Day 2"]
[Site "chess.com INT"]
[Date "2020.05.26"]
[Round "2"]
[White "Spitzl, Vinzent"]
[Black "Petrova, Irina"]
[Result "1/2-1/2"]
[WhiteTitle "FM"]
[BlackTitle "WIM"]
[WhiteElo "2346"]
[BlackElo "2087"]
[WhiteFideId "12901253"]
[BlackFideId "14124122"]
[EventDate "2020.05.26"]

1. e4 d6 2. d4 Nf6 3. Nc3 e5 4. Nf3 Nbd7 5. Bc4 Be7 6. a4 O-O 7. O-O c6 8. Be3
h6 9. h3 Re8 10. a5 Bf8 11. Re1 exd4 12. Bxd4 c5 13. Bxf6 Nxf6 14. e5 dxe5 15.
Qxd8 Rxd8 16. Nxe5 Be6 17. Bxe6 fxe6 18. Re2 Nd5 19. Nb5 Bd6 20. a6 Bxe5 21.
Rxe5 bxa6 22. Rxa6 Nb4 23. Raxe6 Nxc2 24. Rxc5 Nd4 25. Re7 Nxb5 26. Rxb5 Rab8
27. Rxb8 Rxb8 28. Rxa7 Rxb2 29. h4 h5 30. Ra5 g6 31. Ra7 Rc2 32. g3 Rb2 33. Kg2
Rb3 34. Rc7 Ra3 35. Rb7 Rc3 36. Kf1 Rc2 37. Ke1 Ra2 38. Kf1 Rc2 39. Kg2 Rc3 40.
Re7 Ra3 41. Rb7 Rc3 1/2-1/2

[Event "Euro Online U2300 Day 2"]
[Site "chess.com INT"]
[Date "2020.05.26"]
[Round "2"]
[White "Afonasieva, Anna"]
[Black "Roque, Gaetan"]
[Result "0-1"]
[WhiteTitle "WIM"]
[WhiteElo "2274"]
[BlackElo "2128"]
[WhiteFideId "24173606"]
[BlackFideId "20666934"]
[EventDate "2020.05.26"]

1. d4 d5 2. Bf4 Nf6 3. e3 c5 4. c3 Nc6 5. Nd2 Bf5 6. Ngf3 e6 7. Qb3 Qb6 8. Qxb6
axb6 9. Bb5 Be7 10. h3 O-O 11. O-O Ra5 12. a4 Rfa8 13. Ne5 Nxe5 14. dxe5 Ne4 15.
Nf3 g5 16. Bh2 g4 17. Nh4 Bxh4 18. hxg4 Bg6 19. f3 Bf2+ 20. Kh1 Ng3+ 21. Bxg3
Bxg3 22. Rac1 Rd8 23. f4 Be4 24. Rfd1 Raa8 25. Rd2 Kf8 26. b3 Ke7 27. Kg1 Rg8
28. Be2 b5 29. axb5 Ra3 30. c4 d4 31. Rcd1 Rxb3 32. exd4 Bxf4 33. Ra2 cxd4 34.
Kf1 Be3 35. Ra7 d3 36. Bf3 Bxf3 37. gxf3 Bxa7 0-1

[Event "Euro Online U2300 Day 2"]
[Site "chess.com INT"]
[Date "2020.05.26"]
[Round "2"]
[White "Ozenir, Ekin Baris"]
[Black "Rzayev, Askar Aliakbar"]
[Result "1-0"]
[WhiteTitle "IM"]
[WhiteElo "2309"]
[BlackElo "2129"]
[WhiteFideId "6357415"]
[BlackFideId "13405039"]
[EventDate "2020.05.26"]

1. d4 Nf6 2. c4 e6 3. Nc3 d5 4. cxd5 exd5 5. Bg5 c6 6. e3 Bf5 7. Qf3 Bg6 8. Bxf6
Qxf6 9. Qxf6 gxf6 10. Nf3 Be7 11. Ne2 Nd7 12. Ng3 Bd6 13. Nh4 Bxg3 14. hxg3
O-O-O 15. g4 Kb8 16. Be2 Rhe8 17. Rc1 Rc8 18. Kd2 b6 19. f4 Be4 20. Bf3 c5 21.
Nf5 cxd4 22. Rxc8+ Rxc8 23. Nxd4 Nc5 24. Rh6 Na4 25. Bxe4 dxe4 26. b3 Nc3 27.
Rxf6 Nb1+ 28. Ke2 Nc3+ 29. Kd2 Nb1+ 30. Ke1 Rc1+ 31. Kf2 Nc3 32. Rxf7 Nd5 33.
Rxh7 Rc3 34. Rh3 Rd3 35. g5 Rd2+ 36. Kg1 Rd3 37. g6 Nxe3 38. g7 Rd1+ 39. Kf2
Ng4+ 40. Ke2 1-0

[Event "Euro Online U2300 Day 2"]
[Site "chess.com INT"]
[Date "2020.05.26"]
[Round "2"]
[White "Khojayan, Vardan"]
[Black "Laux, Dominik"]
[Result "0-1"]
[WhiteElo "2266"]
[BlackElo "2009"]
[WhiteFideId "13303520"]
[BlackFideId "12994219"]
[EventDate "2020.05.26"]

1. d4 d5 2. Nf3 Nf6 3. c4 c6 4. e3 e6 5. Nbd2 Nbd7 6. Bd3 Be7 7. O-O O-O 8. Qe2
dxc4 9. Nxc4 b5 10. Nce5 Bb7 11. Rd1 a6 12. a4 Qb6 13. b3 Rfd8 14. Ng5 Nxe5 15.
dxe5 Nd5 16. Nxh7 Nc3 17. Qh5 Nxd1 18. Nf8 f5 19. exf6 Bxf6 20. Qh7+ Kxf8 21.
Bg6 Bxa1 22. Ba3+ b4 23. Qh8+ Ke7 24. Qh4+ Bf6 25. Bxb4+ c5 26. Bxc5+ Qxc5 0-1

[Event "Euro Online U2300 Day 2"]
[Site "chess.com INT"]
[Date "2020.05.26"]
[Round "2"]
[White "Han, Yichen"]
[Black "Curtacci, Sergio"]
[Result "1-0"]
[WhiteTitle "FM"]
[WhiteElo "2307"]
[BlackElo "2038"]
[WhiteFideId "1054430"]
[BlackFideId "858048"]
[EventDate "2020.05.26"]

1. e4 d5 2. exd5 Qxd5 3. d4 e5 4. dxe5 Qxe5+ 5. Be2 Nf6 6. Nf3 Qd6 7. Nbd2 Be7
8. O-O O-O 9. c3 c6 10. Qc2 Qc7 11. h3 Nbd7 12. a4 Ne5 13. b3 h6 14. Bb2 Ng6 15.
Bc4 Nd5 16. Rad1 Bf6 17. Rfe1 Ne5 18. Nxe5 Bxe5 19. Nf3 Bf6 20. Bxd5 cxd5 21.
Rxd5 Be6 22. Rdd1 Qb6 23. Nd2 Rac8 24. c4 Bxb2 25. Qxb2 Bxc4 26. a5 Qb5 27. Re5
Qb4 28. Re4 Rfd8 29. Rg4 g6 30. Rd4 b5 31. axb6 Qxb6 32. Nxc4 Rxd4 33. Qxd4 Qxb3
34. Ne5 Re8 35. Ng4 1-0

[Event "Euro Online U2300 Day 2"]
[Site "chess.com INT"]
[Date "2020.05.26"]
[Round "2"]
[White "Nalbant, Tuna Onat"]
[Black "Sahakyan, Arman K."]
[Result "1/2-1/2"]
[WhiteTitle "IM"]
[WhiteElo "2372"]
[BlackElo "1775"]
[WhiteFideId "6372821"]
[BlackFideId "13310992"]
[EventDate "2020.05.26"]

1. e4 c5 2. Nf3 a6 3. c3 d5 4. e5 Nc6 5. d4 Bg4 6. Be2 e6 7. a3 cxd4 8. Nxd4
Bxe2 9. Qxe2 Nge7 10. O-O Nxd4 11. cxd4 Nc6 12. Rd1 Rc8 13. Nc3 Qh4 14. g3 Qh3
15. Bg5 h6 16. Be3 Be7 17. Na4 b5 18. Rac1 O-O 19. Nc5 Bxc5 20. Rxc5 Na5 21.
Rxc8 Rxc8 22. Bd2 Nc4 23. Rc1 Rb8 24. Bc3 Qf5 25. b3 Nb6 26. Ba5 Rc8 27. Qd2 1/2-1/2

[Event "Euro Online U2300 Day 2"]
[Site "chess.com INT"]
[Date "2020.05.26"]
[Round "2"]
[White "Hakobyan, Hakob V."]
[Black "Sjoberg, Isak"]
[Result "0-1"]
[WhiteElo "2070"]
[BlackElo "2189"]
[WhiteFideId "13308807"]
[BlackFideId "1521640"]
[EventDate "2020.05.26"]

1. Nf3 Nf6 2. c4 g6 3. Nc3 Bg7 4. e4 d6 5. d4 O-O 6. Be2 e5 7. O-O Nc6 8. d5 Ne7
9. b4 a5 10. Ba3 axb4 11. Bxb4 Nd7 12. a4 Bh6 13. a5 f5 14. Nd2 Nf6 15. c5 Bxd2
16. Qxd2 Nxe4 17. Nxe4 fxe4 18. cxd6 cxd6 19. Rac1 Nf5 20. Rfe1 Nd4 21. Qe3 Bf5
22. Red1 Rxa5 23. Rxd4 exd4 24. Qxd4 Ra4 25. Bb5 Rxb4 26. Qxb4 Qb6 27. Qa4 Bd7
28. Qxe4 Qxf2+ 29. Kh1 Bxb5 30. Qe6+ Qf7 31. h4 Qxe6 32. dxe6 Re8 33. Rc7 Bc6
34. e7 Kf7 35. Kh2 Rxe7 36. Rc8 Re2 37. Kh3 Bd7+ 0-1

[Event "Euro Online U2300 Day 2"]
[Site "chess.com INT"]
[Date "2020.05.26"]
[Round "2"]
[White "Ghukasyan, Siranush"]
[Black "Hristodoulou, Panagiotis"]
[Result "1-0"]
[WhiteTitle "WIM"]
[BlackTitle "FM"]
[WhiteElo "2222"]
[BlackElo "2302"]
[WhiteFideId "13300946"]
[BlackFideId "4214340"]
[EventDate "2020.05.26"]

1. e4 Nf6 2. e5 Nd5 3. d4 d6 4. Nf3 g6 5. Bc4 Nb6 6. Bb3 Bg7 7. O-O O-O 8. a4
dxe5 9. Nxe5 c5 10. a5 N6d7 11. Nxf7 Rxf7 12. dxc5 Nc6 13. Bxf7+ Kxf7 14. Qd5+
Kf8 15. Qf3+ Nf6 16. Nc3 Bg4 17. Qg3 Bf5 18. Rd1 Qc8 19. Bg5 Nb4 20. Ra4 Qxc5
21. Be3 Qc6 22. Rxb4 Bxc2 23. Rd2 Bf5 24. h3 Rc8 25. Bxa7 Ne4 26. Nxe4 Bxe4 27.
Qf4+ Bf5 28. g4 e5 29. Qe3 Be6 30. Rd3 e4 31. Qf4+ Kg8 32. Rd6 Qc1+ 33. Qxc1
Rxc1+ 34. Kg2 Bc4 35. Rd8+ Bf8 36. Rxb7 Be2 37. Rbb8 Bf3+ 38. Kg3 g5 39. Rxf8+
Kg7 40. Bd4+ Kg6 41. Rb6+ 1-0

[Event "Euro Online U2300 Day 2"]
[Site "chess.com INT"]
[Date "2020.05.26"]
[Round "2"]
[White "Mica, Marek"]
[Black "Usmanov, Ilnur"]
[Result "0-1"]
[WhiteTitle "FM"]
[WhiteElo "2324"]
[BlackElo "2147"]
[WhiteFideId "382884"]
[BlackFideId "4111303"]
[EventDate "2020.05.26"]

1. d4 d5 2. Bf4 Nf6 3. e3 c5 4. Nc3 a6 5. dxc5 Nc6 6. Nf3 Bg4 7. Na4 e5 8. Bg5
Bxc5 9. Nxc5 Qa5+ 10. c3 Qxc5 11. Be2 Ne4 12. Bh4 f6 13. O-O g5 14. Bg3 h5 15.
b4 Qd6 16. h3 Nxc3 17. Qd2 Nxe2+ 18. Qxe2 Bxf3 19. Qxf3 Kf7 20. Rfd1 Rad8 21.
Rab1 Rd7 22. b5 axb5 23. Rxb5 d4 24. e4 h4 25. Bh2 Rhd8 26. Qf5 Kg7 27. g3 hxg3
28. Bxg3 d3 29. h4 Nd4 30. Qg4 Nxb5 31. hxg5 Rg8 32. Qf5 Nd4 33. gxf6+ Kf8 34.
Qh3 Ne2+ 35. Kg2 Nf4+ 0-1

[Event "Euro Online U2300 Day 2"]
[Site "chess.com INT"]
[Date "2020.05.26"]
[Round "2"]
[White "Bivol, Alina"]
[Black "Haring, Viktor"]
[Result "1-0"]
[WhiteTitle "WGM"]
[BlackTitle "FM"]
[WhiteElo "2386"]
[BlackElo "2298"]
[WhiteFideId "4100123"]
[BlackFideId "14919400"]
[EventDate "2020.05.26"]

1. Nf3 Nf6 2. g3 d5 3. Bg2 c6 4. O-O Bg4 5. h3 Bxf3 6. Bxf3 e6 7. d3 Nbd7 8. e4
Be7 9. Bg2 h5 10. Qe2 Qc7 11. f4 Bc5+ 12. Kh1 O-O-O 13. e5 Ne8 14. c3 g6 15. b4
Be7 16. Be3 Kb8 17. a4 Ng7 18. Bf2 Nf5 19. Nd2 g5 20. fxg5 Qxe5 21. Qxe5+ Nxe5
22. b5 Nxd3 23. bxc6 bxc6 24. Nb3 Bxg5 25. Nd4 Nxf2+ 26. Rxf2 Be3 27. Nxc6+ Kc7
28. Rxf5 Kxc6 29. Rxf7 Rhg8 30. Re1 Rxg3 31. Bf3 1-0

[Event "Euro Online U2300 Day 2"]
[Site "chess.com INT"]
[Date "2020.05.26"]
[Round "2"]
[White "De Verdier, Michael"]
[Black "Skuhala, Jernej"]
[Result "1-0"]
[WhiteTitle "FM"]
[BlackTitle "FM"]
[WhiteElo "2291"]
[BlackElo "2342"]
[WhiteFideId "1710516"]
[BlackFideId "14605651"]
[EventDate "2020.05.26"]

1. d4 Nf6 2. c4 e6 3. Nf3 d5 4. Nc3 Bb4 5. e3 O-O 6. Bd2 dxc4 7. Bxc4 c5 8. dxc5
Bxc5 9. O-O a6 10. Rc1 b5 11. Be2 Qb6 12. Ne5 Bb7 13. Bf3 Rd8 14. Bxb7 Qxb7 15.
Qc2 Bd6 16. Nf3 Nc6 17. Ne4 Nxe4 18. Qxe4 Rac8 19. Ng5 g6 20. Bc3 Qe7 21. Nf3 f5
22. Qh4 Qxh4 23. Nxh4 b4 24. Bf6 Re8 25. Rfd1 Bf8 26. Nf3 Kf7 27. Bg5 h6 28.
Rxc6 hxg5 29. Rxa6 Kf6 30. Nd4 Bc5 31. Nb3 Be7 32. Kf1 g4 33. Ke2 Rh8 34. Nd4
Rxh2 35. g3 Kf7 36. Rxe6 Bf6 37. Rd6 Be5 38. Rd5 Bxg3 39. Rf1 Bh4 40. Rd7+ Kf6
41. Rh7 g5 42. Rh6+ Kg7 43. Nxf5+ Kf7 44. Rb6 Rc2+ 45. Kd3 Rcxf2 46. Rxf2 Rxf2
47. Nh6+ Kg7 48. Nxg4 Rxb2 49. Ke4 Rxa2 50. Rxb4 Ra6 51. Kf5 Ra5+ 52. Ke4 Ra7
53. Rb5 Ra6 54. Kf5 Ra7 55. Ne5 Kh6 56. Rb6+ Kh5 57. Rb8 Kh6 58. Rb6+ Kh5 59.
Rb8 Rh7 60. Ng4 Rf7+ 61. Nf6+ Kh6 62. Rh8+ Kg7 63. Rg8+ Kh6 64. Rg6# 1-0

[Event "Euro Online U2300 Day 2"]
[Site "chess.com INT"]
[Date "2020.05.26"]
[Round "2"]
[White "Tsaruk, Maksim"]
[Black "Hansch, Karsten"]
[Result "1/2-1/2"]
[WhiteTitle "FM"]
[BlackTitle "FM"]
[WhiteElo "2302"]
[BlackElo "2300"]
[WhiteFideId "13511173"]
[BlackFideId "24692239"]
[EventDate "2020.05.26"]

1. e4 c6 2. d4 d5 3. Nd2 dxe4 4. Nxe4 Bf5 5. Ng3 Bg6 6. h4 h6 7. h5 Bh7 8. Nf3
Nd7 9. Bd3 Bxd3 10. Qxd3 e6 11. Bd2 Ngf6 12. O-O-O Be7 13. Kb1 Qb6 14. Rhe1 O-O
15. Nf5 exf5 16. Rxe7 Qd8 17. Re2 Ne4 18. g3 Ndf6 19. Nh4 Qd7 20. Qf3 Rfe8 21.
Nxf5 Qd5 22. Ka1 Qc4 23. Bc1 Kh7 24. Ne3 Qa6 25. Rde1 Ng5 26. Qf5+ Kg8 27. a3
Rad8 28. c3 Nxh5 1/2-1/2

[Event "Euro Online U2300 Day 2"]
[Site "chess.com INT"]
[Date "2020.05.26"]
[Round "2"]
[White "Doric, Nenad"]
[Black "Melnikov, Sergey"]
[Result "1-0"]
[WhiteTitle "IM"]
[WhiteElo "2249"]
[BlackElo "2039"]
[WhiteFideId "14501694"]
[BlackFideId "34141062"]
[EventDate "2020.05.26"]

1. e4 c6 2. d4 d5 3. exd5 cxd5 4. c4 Nf6 5. Nc3 g6 6. Qb3 Bg7 7. cxd5 O-O 8. Be2
Nbd7 9. Bf3 Nb6 10. Nge2 Bg4 11. Bxg4 Nxg4 12. O-O h6 13. a4 a5 14. Bf4 g5 15.
Bg3 Nf6 16. d6 exd6 17. d5 Nh5 18. Nb5 Nxg3 19. Nxg3 Be5 20. Rac1 Nd7 21. Nf5
Qf6 22. Qh3 Kh7 23. Nfxd6 Bxd6 24. Qxd7 Bf4 25. Rc3 b6 26. Qc6 Be5 27. Qxf6 Bxf6
28. Rc6 Bxb2 29. Rxb6 Rfd8 30. Rd1 Rd7 31. d6 Rad8 32. Kf1 Kg7 33. Ke2 f6 34.
Nc7 Be5 35. Ne6+ Kf7 36. Nxd8+ Rxd8 37. Ra6 Bc3 38. Ra7+ Ke6 39. Re7+ Kf5 40. d7
Be5 41. Re8 Bc7 42. Rd5+ Kg6 43. Kd3 Kf7 44. Rxd8 Bxd8 45. Kc4 Ke6 46. Rd3 h5
47. Kc5 f5 48. Kc6 g4 49. Re3+ Kf7 50. Re8 Bf6 51. d8=Q Bxd8 52. Rxd8 f4 53. Rd5
Kg6 54. Rxa5 h4 55. Kd5 g3 56. fxg3 h3 57. gxh3 f3 58. Ke4 f2 59. Rf5 1-0

[Event "Euro Online U2300 Day 2"]
[Site "chess.com INT"]
[Date "2020.05.26"]
[Round "2"]
[White "Dudin, Gleb"]
[Black "Peycheva, Gergana"]
[Result "1-0"]
[WhiteTitle "FM"]
[BlackTitle "FM"]
[WhiteElo "2387"]
[BlackElo "2255"]
[WhiteFideId "34184934"]
[BlackFideId "2916711"]
[EventDate "2020.05.26"]

1. d4 Nf6 2. c4 e6 3. Nc3 Bb4 4. e3 O-O 5. Ne2 Re8 6. a3 Bf8 7. Ng3 d5 8. cxd5
exd5 9. Be2 b6 10. b4 Bb7 11. O-O g6 12. Qb3 h5 13. Bf3 a6 14. h3 c6 15. a4 Nbd7
16. Bb2 h4 17. Nge2 Ne4 18. Bxe4 dxe4 19. f3 exf3 20. Rxf3 Qe7 21. Raf1 Qe6 22.
d5 cxd5 23. Nf4 Qd6 24. Nfxd5 Re5 25. e4 Bxd5 26. Nxd5 Rxe4 27. Rxf7 Nc5 28.
bxc5 Qxc5+ 29. Kh1 Rae8 30. Nf6+ 1-0

[Event "Euro Online U2300 Day 2"]
[Site "chess.com INT"]
[Date "2020.05.26"]
[Round "2"]
[White "Khalafova, Narmin"]
[Black "Toure, Vasanth"]
[Result "1-0"]
[WhiteTitle "WGM"]
[WhiteElo "2279"]
[BlackElo "2132"]
[WhiteFideId "13402625"]
[BlackFideId "26014580"]
[EventDate "2020.05.26"]

1. e4 e5 2. Nf3 Nc6 3. Bb5 a6 4. Ba4 Nge7 5. O-O g6 6. c3 Bg7 7. d4 exd4 8. cxd4
b5 9. Bc2 O-O 10. d5 Na5 11. Nc3 d6 12. h3 Nc4 13. Rb1 Bb7 14. Ne2 Qd7 15. b3
Nb6 16. Bb2 Bxb2 17. Rxb2 c5 18. dxc6 Nxc6 19. Bb1 Rad8 20. Rd2 Qe7 21. Re1 Ne5
22. Nfd4 Rfe8 23. f4 Nc6 24. Nxc6 Bxc6 25. Nd4 Bb7 26. Rde2 Qf6 27. Qd2 Nd7 28.
a3 Kg7 29. Rf1 Nc5 30. e5 dxe5 31. fxe5 Qb6 32. Qf4 Re7 33. Qf6+ Kg8 34. Qxb6
Rxd4 35. Qxc5 1-0

[Event "Euro Online U2300 Day 2"]
[Site "chess.com INT"]
[Date "2020.05.26"]
[Round "2"]
[White "Kacprzak, Kacper"]
[Black "Ponce Cano, Adrian"]
[Result "1-0"]
[BlackTitle "FM"]
[WhiteElo "1977"]
[BlackElo "2169"]
[WhiteFideId "21819319"]
[BlackFideId "22296913"]
[EventDate "2020.05.26"]

1. e4 c5 2. Nf3 e6 3. d4 cxd4 4. Nxd4 Nf6 5. Nc3 Nc6 6. Be3 Bb4 7. Bd3 d5 8.
exd5 Nxd5 9. Nxc6 bxc6 10. Bd2 O-O 11. O-O Rb8 12. Rb1 Bxc3 13. bxc3 Rxb1 14.
Qxb1 Qf6 15. Qb8 a6 16. c4 Ne7 17. Bb4 Re8 18. Bd6 Ng6 19. c5 Qd8 20. Rb1 Qa5
21. Qa8 e5 22. Qxc6 Rd8 23. Rb8 Nf4 24. Bf1 Qe1 25. Qxa6 h5 26. Rxc8 Ne2+ 27.
Qxe2 Qxe2 28. Rxd8+ 1-0

[Event "Euro Online U2300 Day 2"]
[Site "chess.com INT"]
[Date "2020.05.26"]
[Round "2"]
[White "Grebnev, Aleksey"]
[Black "Martirosyan, Haik M."]
[Result "0-1"]
[BlackTitle "GM"]
[WhiteElo "2223"]
[BlackElo "2617"]
[WhiteFideId "34189030"]
[BlackFideId "13306553"]
[EventDate "2020.05.26"]

1. c4 e5 2. Nc3 Nf6 3. g3 d5 4. cxd5 Nxd5 5. Bg2 Nb6 6. Nf3 Nc6 7. O-O Be7 8.
Rb1 a5 9. d3 O-O 10. Be3 Be6 11. d4 Bf5 12. Rc1 Nc4 13. d5 Nb4 14. a3 Na6 15.
Qb3 Nxe3 16. fxe3 Nc5 17. Qc4 Nd7 18. e4 Bg4 19. Kh1 Bd6 20. Nb5 Nf6 21. h3 Bd7
22. Nh4 Nh5 23. Kh2 Nxg3 24. Rf3 Bxb5 25. Qxb5 Nxe2 26. Qxe2 Qxh4 27. Rcf1 a4
28. Rg3 g6 29. Qb5 b6 30. Qd7 Qe7 31. Qxe7 Bxe7 32. Rc3 Bc5 33. Rf6 Bd6 34. Rf1
f5 35. Kg3 Kg7 36. Rcf3 Ra5 37. Rc1 h5 38. Rc2 f4+ 39. Kf2 g5 40. Rfc3 g4 41. h4
Rc5 42. Bf1 Rxc3 43. Rxc3 Bc5+ 44. Kg2 f3+ 45. Kg3 Kf6 46. Rc4 Ke7 47. Rxa4 Be3
48. Rc4 Bf4+ 49. Kf2 Bh2 50. Rxc7+ Kd8 51. Rc2 g3+ 52. Ke3 Bg1+ 53. Kd3 Bd4 54.
Bh3 g2 55. Bxg2 fxg2 56. Rxg2 b5 57. Rg5 Rf3+ 58. Kc2 Rf2+ 59. Kd3 Rxb2 60. Rxh5
Rb3+ 61. Kc2 Rxa3 62. Rh8+ Ke7 63. h5 Rc3+ 64. Kd2 Rh3 65. h6 Be3+ 66. Kc3 Bxh6+
67. Kc2 Rh2+ 68. Kb3 Rh3+ 69. Ka2 b4 70. Rb8 Bd2 71. Rb6 Bc3 72. Rc6 Re3 73. Rc4
Kd7 74. Kb3 Be1+ 75. Kb2 Rd3 76. Rc1 Bc3+ 77. Kb3 Rd4 78. Rh1 Rxe4 79. Rh6 Rd4
80. Rh7+ Kd6 81. Rh6+ Kxd5 82. Rh8 Rf4 83. Rd8+ Ke4 84. Re8 Kf3 85. Rd8 e4 86.
Rh8 e3 87. Rh3+ Ke4 88. Rh8 e2 89. Re8+ Be5 90. Ka4 e1=Q 91. Kb5 b3 92. Ka4 b2
93. Ka3 Rf3+ 94. Ka4 Qa1+ 95. Kb5 b1=Q+ 96. Kc6 Rc3+ 97. Kd7 Qb7+ 98. Ke6 Qaa6# 0-1

[Event "Euro Online U2300 Day 2"]
[Site "chess.com INT"]
[Date "2020.05.26"]
[Round "2"]
[White "Krivenko, Sergey"]
[Black "Suleymanli, Aydin"]
[Result "0-1"]
[BlackTitle "IM"]
[WhiteElo "2279"]
[BlackElo "2512"]
[WhiteFideId "24124753"]
[BlackFideId "13413937"]
[EventDate "2020.05.26"]

1. d4 Nf6 2. Bg5 d5 3. Nd2 Nbd7 4. Ngf3 e6 5. e3 Be7 6. Bd3 c5 7. c3 Qc7 8. O-O
O-O 9. Rc1 c4 10. Bb1 b5 11. e4 dxe4 12. Nxe4 Bb7 13. Nxf6+ Bxf6 14. Qc2 g6 15.
Bh6 Rfe8 16. Qd1 Rad8 17. Re1 e5 18. Qe2 Qb8 19. Be3 exd4 20. Nxd4 Nc5 21. Rcd1
Bd5 22. Nf3 Qb7 23. Rd2 Bxf3 24. Qxf3 Qxf3 25. gxf3 Rxd2 26. Bxd2 Rd8 27. Bc1
Kg7 28. Kf1 a5 29. Ke2 b4 30. cxb4 axb4 31. Rd1 Re8+ 32. Kf1 Na4 33. Rd2 Bg5 34.
Rc2 Bxc1 35. Rxc1 Nxb2 36. Bc2 Ra8 37. Bb1 c3 38. Ke2 Nc4 39. Kd3 Nd2 40. Ke3
Nxb1 41. Rxb1 c2 42. Rc1 Rxa2 43. Kd2 b3 44. Kc3 b2 0-1

[Event "Euro Online U2300 Day 2"]
[Site "chess.com INT"]
[Date "2020.05.26"]
[Round "2"]
[White "Rahal, Michael A"]
[Black "Nikac, Predrag"]
[Result "1/2-1/2"]
[WhiteTitle "IM"]
[BlackTitle "IM"]
[WhiteElo "2333"]
[BlackElo "2313"]
[WhiteFideId "404691"]
[BlackFideId "908975"]
[EventDate "2020.05.26"]

1. e4 g6 2. d4 Bg7 3. Nc3 c6 4. Nf3 d5 5. h3 dxe4 6. Nxe4 Nd7 7. c3 Ngf6 8.
Nxf6+ Nxf6 9. Bc4 O-O 10. O-O Bf5 11. Re1 Be4 12. Bg5 Bxf3 13. Qxf3 Re8 14. Re2
Qa5 15. Bh4 Rad8 16. Rae1 Rd7 17. Bb3 Qb6 18. Re5 a5 19. R1e2 Nd5 20. Bxd5 cxd5
21. Rxd5 Rxd5 22. Qxd5 e6 23. Qc4 Qc6 24. Qxc6 bxc6 25. Bg3 a4 26. Bd6 Bf8 27.
Bxf8 Kxf8 28. Kf1 Ke7 29. Ke1 Kd6 30. Kd2 Rb8 31. Kc2 f6 32. Re3 Kd5 33. Rf3 Rf8
34. Kd3 Kd6 35. c4 e5 36. dxe5+ Kxe5 37. Re3+ Kf5 38. Re7 Rd8+ 39. Kc3 Rd1 40.
Rxh7 Rf1 41. f3 Rf2 42. Rc7 Rxg2 43. Rxc6 Rg3 44. Rd6 Rxf3+ 45. Kd4 Rxh3 46. c5
Rh2 47. b4 axb3 48. axb3 Rd2+ 49. Kc4 Rxd6 50. cxd6 Ke6 51. Kc5 Kd7 52. b4 g5
53. b5 g4 54. b6 g3 55. b7 g2 56. b8=Q g1=Q+ 1/2-1/2

[Event "Euro Online U2300 Day 2"]
[Site "chess.com INT"]
[Date "2020.05.26"]
[Round "2"]
[White "Erdogan, Anil Berk"]
[Black "Poghosyan, Suren"]
[Result "0-1"]
[WhiteTitle "CM"]
[BlackTitle "FM"]
[WhiteElo "2155"]
[BlackElo "2275"]
[WhiteFideId "6348173"]
[BlackFideId "13303201"]
[EventDate "2020.05.26"]

1. e4 e6 2. Nf3 c5 3. d4 cxd4 4. Nxd4 Nf6 5. Nc3 Nc6 6. Ndb5 Bb4 7. a3 Bxc3+ 8.
Nxc3 d5 9. Bd3 O-O 10. O-O d4 11. Ne2 e5 12. Ng3 Re8 13. b4 a5 14. b5 Ne7 15. a4
Ng6 16. Nh5 h6 17. Bd2 Nh7 18. Rc1 Qh4 19. Ng3 Nf4 20. Bxf4 exf4 21. Nf5 Bxf5
22. exf5 Ng5 23. f3 Re3 24. c3 dxc3 25. Rxc3 Rd8 26. Qc2 Nh7 27. Be4 Qf6 28. Rc8
Nf8 29. Kh1 b6 30. Rxd8 Qxd8 31. Qa2 Nd7 32. Rd1 Qe7 33. Qd2 Nc5 34. f6 gxf6 35.
Bf5 Re2 36. Qd5 Re1+ 0-1